Apartmány Technik

Enregistré dans:
Détails bibliographiques
Auteur principal: Rigdová, Emília (Auteur)
Autres auteurs: Gregorová, Jana, 1959- (Directeur de thèse)
Format: Manuscrit Livre
Langue:slovaque
Publié: Bratislava 2015
Sujets:
Accès en ligne:http://is.stuba.sk/zp/portal_zp.pl?podrobnosti=83445
Tags: Ajouter un tag
Pas de tags, Soyez le premier à ajouter un tag!

MARC

LEADER 00000ntm a22000003a 4500
001 stuzp52163
003 SK-STU
005 20210226105904.0
007 ta
008 150427s2015----xo-----f-mn---000-0-slo-d
040 |a STU  |b slo 
041 0 |a slo 
100 1 |a Rigdová, Emília  |u 052120  |4 aut  |U FAD Fakulta architektúry  |T FA Ústav ekologickej a experimentálnej architektúry  |X 43910  |U A2120  |Y 393  |7 43910 
242 0 1 |a Apartment house Technik  |y eng 
245 1 0 |a Apartmány Technik 
260 |c 2015  |a Bratislava 
650 4 |a hotel  |2 slo 
650 4 |a apartmánový dom  |2 slo 
650 4 |a vnútroblok  |2 slo 
650 4 |a Apartments  |2 eng 
650 4 |a Hotel  |2 eng 
650 4 |a University center  |2 eng 
700 1 |a Gregorová, Jana,  |d 1959-  |4 ths  |X 420  |7 A000000420 
856 4 |u http://is.stuba.sk/zp/portal_zp.pl?podrobnosti=83445  |u https://opac.crzp.sk/?fn=detailBiblioForm&sid=367CD704F5D5570C76E1F8DE3652 
SQL |a stuzp52163  |b DBP  |c SLO  |d Apartmány Technik  |e 43910  |f Rigdová, Emília  |g 052120  |h 420  |i Gregorová, Jana  |j 20150612  |k 149  |l 05  |m http://is.stuba.sk/zp/portal_zp.pl?podrobnosti=83445  |n B-AU  |o 5.1.1. architektúra a urbanizmus